[Event "Open d'Avoine 2017"]
[Site "Avoine"]
[Date "2017.07.22"]
[Round "1.1"]
[White "Feller, Sebastien"]
[Black "Bournel, Antoine"]
[Result "1-0"]
[WhiteElo "2569"]
[BlackElo "2084"]
[PlyCount "55"]
[EventDate "2017.??.??"]

1. Nf3 d5 2. e3 Nf6 3. c4 dxc4 4. Bxc4 c5 5. O-O Nc6 6. Nc3 e6 7. Qe2 Be7 8. d4
O-O 9. Rd1 cxd4 10. Nxd4 Nxd4 11. exd4 Nd5 12. Qe4 Nxc3 13. bxc3 Qc7 14. Bb3
Bd7 15. d5 Bf6 16. Bf4 Qc8 17. d6 Bc6 18. Qe3 Qd7 19. Be5 Bxe5 20. Qxe5 b6 21.
Rd3 Rac8 22. Rg3 g6 23. Qf4 Bd5 24. c4 Ba8 25. Rd1 Rc5 26. h4 f6 27. Qh6 Rh5
28. Qxh5 1-0

[Event "Open d'Avoine 2017"]
[Site "Avoine"]
[Date "2017.07.22"]
[Round "1.2"]
[White "Kavciyan, Yega"]
[Black "Ortiz Suarez, Isan Reynaldo"]
[Result "0-1"]
[WhiteElo "2082"]
[BlackElo "2565"]
[PlyCount "44"]
[EventDate "2017.??.??"]

1. e4 c5 2. Nf3 d6 3. d4 cxd4 4. Nxd4 Nf6 5. Nc3 a6 6. a3 b5 7. Be2 Bb7 8. Bf3
Nbd7 9. O-O e6 10. Re1 Be7 11. h3 O-O 12. g4 Ne5 13. Bg2 Nfd7 14. f4 Nc6 15.
Nde2 Rc8 16. g5 b4 17. axb4 Nxb4 18. Be3 Nb6 19. Bf2 d5 20. e5 Qc7 21. Qd4 Nc4
22. b3 Nxc2 0-1

[Event "Open d'Avoine 2017"]
[Site "Avoine"]
[Date "2017.07.22"]
[Round "1.3"]
[White "Maiorov, Nikita"]
[Black "Budak, Rewi"]
[Result "1-0"]
[WhiteElo "2531"]
[BlackElo "2080"]
[PlyCount "65"]
[EventDate "2017.??.??"]

1. d4 c5 2. d5 e5 3. e4 d6 4. Bb5+ Nd7 5. Nf3 g6 6. O-O a6 7. Be2 Ngf6 8. Nfd2
Bh6 9. a4 O-O 10. a5 Ne8 11. Nc4 Bxc1 12. Qxc1 b5 13. axb6 Nxb6 14. Nxb6 Qxb6
15. Nd2 f5 16. Nc4 Qd8 17. f4 Nf6 18. exf5 Bxf5 19. fxe5 dxe5 20. d6 Nd5 21.
Qd2 Nf4 22. Bf3 e4 23. Qxf4 exf3 24. Qxf3 Be6 25. Qxf8+ Qxf8 26. Rxf8+ Rxf8 27.
Ne5 Ra8 28. d7 Rd8 29. Rxa6 Bf5 30. Rc6 Kg7 31. g4 Bxd7 32. Rc7 Kf6 33. Nxd7+
1-0

[Event "Open d'Avoine 2017"]
[Site "Avoine"]
[Date "2017.07.22"]
[Round "1.4"]
[White "Bodicker, Rob"]
[Black "Haub, Thorsten Michael"]
[Result "0-1"]
[WhiteElo "2076"]
[BlackElo "2414"]
[PlyCount "56"]
[EventDate "2017.??.??"]

1. d4 g6 2. c4 Bg7 3. Nc3 d6 4. e4 Nd7 5. Nf3 e6 6. Be2 Ne7 7. O-O O-O 8. Be3
h6 9. c5 a6 10. a4 b6 11. cxd6 cxd6 12. Rc1 Bb7 13. b4 Kh7 14. Qb3 f5 15. exf5
Nxf5 16. Qxe6 Re8 17. Qa2 Nxe3 18. fxe3 Rxe3 19. Qd2 Qe7 20. Kh1 Rf8 21. Bd3
Rexf3 22. gxf3 Bxf3+ 23. Rxf3 Rxf3 24. Bxg6+ Kxg6 25. Rg1+ Kh7 26. Qc2+ Kh8 27.
Nd5 Qf7 28. Qc8+ Nf8 0-1

[Event "Open d'Avoine 2017"]
[Site "Avoine"]
[Date "2017.07.22"]
[Round "1.5"]
[White "Manea, Alexandru"]
[Black "Rivalin, Kenny"]
[Result "1-0"]
[WhiteElo "2414"]
[BlackElo "2074"]
[PlyCount "93"]
[EventDate "2017.??.??"]

1. d4 Nf6 2. Bf4 e6 3. e3 c5 4. Nc3 Qb6 5. a3 cxd4 6. exd4 Nc6 7. Nf3 Be7 8.
Be2 O-O 9. O-O d5 10. Nb5 Ne8 11. c4 dxc4 12. Bxc4 a6 13. Nc3 Nf6 14. Be3 Rd8
15. Qc2 Qc7 16. Bd3 h6 17. Rac1 Bd7 18. Qe2 Rac8 19. Bb1 Bf8 20. Rfd1 Qa5 21.
h3 Ne7 22. Ne5 Bc6 23. Qd3 g6 24. Qd2 h5 25. Nc4 Qc7 26. Bf4 Qd7 27. Nb6 Qe8
28. Nxc8 Rxc8 29. Ba2 Bg7 30. Be5 Rd8 31. Qf4 Nfd5 32. Nxd5 Nxd5 33. Bxd5 Rxd5
34. Bxg7 Kxg7 35. Rc5 Qd8 36. Rxd5 Bxd5 37. Qe5+ f6 38. Qe3 Qb6 39. Rc1 Qd8 40.
h4 Qd7 41. Qf4 Bc6 42. Rc5 Qe7 43. b4 Qd7 44. a4 Qe7 45. b5 axb5 46. axb5 e5
47. Qe3 1-0

[Event "Open d'Avoine 2017"]
[Site "Avoine"]
[Date "2017.07.22"]
[Round "1.6"]
[White "Bourges, Jerome"]
[Black "Burri, Quentin"]
[Result "1/2-1/2"]
[WhiteElo "2071"]
[BlackElo "2397"]
[PlyCount "39"]
[EventDate "2017.??.??"]

1. d4 d5 2. Bf4 Nf6 3. e3 c5 4. c3 Nc6 5. Nd2 e6 6. Ngf3 Be7 7. Ne5 O-O 8. Bd3
Nxe5 9. dxe5 Nd7 10. h4 c4 11. Bxh7+ Kxh7 12. Qh5+ Kg8 13. Nf3 f6 14. Ng5 fxg5
15. hxg5 Rf5 16. Qh7+ Kf7 17. Qh5+ Kg8 18. Qh7+ Kf7 19. Qh5+ Kg8 20. Qh7+
1/2-1/2

[Event "Open d'Avoine 2017"]
[Site "Avoine"]
[Date "2017.07.22"]
[Round "1.8"]
[White "Valette, Christian"]
[Black "Colin, Vincent"]
[Result "1/2-1/2"]
[WhiteElo "2069"]
[BlackElo "2373"]
[PlyCount "102"]
[EventDate "2017.??.??"]

1. d4 Nf6 2. Nf3 g6 3. c4 Bg7 4. Nc3 O-O 5. e4 d6 6. Be2 Na6 7. O-O e5 8. dxe5
dxe5 9. Qxd8 Rxd8 10. Bg5 Re8 11. Rfe1 h6 12. Be3 Ng4 13. Bc1 c6 14. h3 Nf6 15.
Be3 Nd7 16. a3 Nac5 17. b4 Ne6 18. Red1 a5 19. Bf1 Nd4 20. Rab1 Nxf3+ 21. gxf3
Nf8 22. b5 Ne6 23. Na4 Nd4 24. Nb6 Rb8 25. Kg2 Be6 26. Bd2 cxb5 27. Bxa5 bxc4
28. Bxc4 Bxc4 29. Nxc4 Bf8 30. Bc7 Rbc8 31. Nd6 Bxd6 32. Bxd6 Rcd8 33. Bc5 Ne6
34. Rxd8 Rxd8 35. Be3 Rd7 36. Rb5 f6 37. Kg3 g5 38. h4 gxh4+ 39. Kxh4 Kh7 40.
Rb6 Re7 41. Kh5 Ng7+ 42. Kh4 Kg6 43. Bc5 Rc7 44. Bd6 Rc3 45. Bxe5 Rxf3 46. Bd6
Rxf2 47. Rxb7 Re2 48. Rb4 f5 49. Be5 Ne6 50. exf5+ Kxf5 51. Bg3 Re4+ 1/2-1/2

[Event "Open d'Avoine 2017"]
[Site "Avoine"]
[Date "2017.07.22"]
[Round "1.9"]
[White "Travadon, Loic"]
[Black "Djidjeli, Sofiane"]
[Result "1-0"]
[WhiteElo "2371"]
[BlackElo "2065"]
[PlyCount "39"]
[EventDate "2017.??.??"]

1. d4 d5 2. c4 e6 3. Nc3 Be7 4. Nf3 Nf6 5. Bf4 O-O 6. Rc1 c6 7. e3 Nbd7 8. cxd5
Nxd5 9. Bd3 Nxf4 10. exf4 c5 11. O-O Nf6 12. dxc5 Bxc5 13. Ne5 Bd4 14. Qf3 Bd7
15. Rfd1 Bxc3 16. Rxc3 Nd5 17. Bxh7+ Kh8 18. Rxd5 exd5 19. Qh5 g6 20. Qh6 1-0

[Event "Open d'Avoine 2017"]
[Site "Avoine"]
[Date "2017.07.22"]
[Round "1.10"]
[White "Lebret, Jean-Michel"]
[Black "Shirazi, Kamran"]
[Result "0-1"]
[WhiteElo "2063"]
[BlackElo "2356"]
[PlyCount "126"]
[EventDate "2017.??.??"]

1. e4 e5 2. Nf3 Nc6 3. Bb5 f5 4. Nc3 Bb4 5. Nd5 fxe4 6. Bxc6 bxc6 7. Nxe5 cxd5
8. Qh5+ g6 9. Nxg6 Nf6 10. Qe5+ Kf7 11. Nxh8+ Kg7 12. b3 Be7 13. Bb2 Kxh8 14.
Qxd5 c6 15. Qxe4 Ba3 16. Bc3 Kg8 17. Qe5 Qe8 18. O-O Qxe5 19. Bxe5 Kf7 20. c4
d6 21. Bc3 Ne4 22. Ba5 Bf5 23. d4 Rg8 24. f3 Ng5 25. Kh1 Ne6 26. Bc3 Nf4 27.
Rf2 h5 28. h4 d5 29. c5 Re8 30. Rd1 Ne2 31. Ba1 Bb4 32. Kh2 Ba5 33. g3 Bc7 34.
f4 Re3 35. Re1 Bg4 36. b4 a5 37. a3 Rxa3 38. Bb2 Re3 39. Bc1 Re4 40. Bd2 axb4
41. Ra1 Rxd4 42. Bxb4 Re4 43. Ra7 Re7 44. Ra6 Nd4 45. Kg2 Bf5 46. Rb2 Bd3 47.
Ra8 Nf5 48. Rh8 Ne3+ 49. Kg1 Bg6 50. Ra2 d4 51. Raa8 Nd5 52. Raf8+ Ke6 53. f5+
Bxf5 54. Rxh5 Nxb4 55. Rhxf5 Bxg3 56. Rf3 Be5 57. Kf2 Kd5 58. h5 Kxc5 59. R8f7
Re6 60. R3f5 Kc4 61. Ke2 d3+ 62. Kd1 Bc3 63. Rf4+ Kb3 0-1

[Event "Open d'Avoine 2017"]
[Site "Avoine"]
[Date "2017.07.22"]
[Round "1.11"]
[White "Deslandes, Pascal"]
[Black "Suez-Panama, Gilles"]
[Result "1-0"]
[WhiteElo "2356"]
[BlackElo "2057"]
[PlyCount "57"]
[EventDate "2017.??.??"]

1. e4 e6 2. d4 d5 3. e5 c5 4. c3 Nc6 5. Nf3 Nge7 6. a3 Nf5 7. b4 cxd4 8. cxd4
Bd7 9. Bb2 Rc8 10. Bd3 Nh4 11. Nxh4 Qxh4 12. O-O f6 13. f4 Be7 14. Nc3 O-O 15.
Ne2 f5 16. Rf3 Be8 17. Rh3 Qg4 18. Qd2 h5 19. Rg3 Qh4 20. b5 Nd8 21. Rf1 Nf7
22. a4 g5 23. fxg5 Kh8 24. Rf4 Bxg5 25. Qb4 Bd7 26. Rxh4 Bxh4 27. Rh3 Bg5 28.
Rxh5+ Kg7 29. Rxg5+ 1-0

[Event "Open d'Avoine 2017"]
[Site "Avoine"]
[Date "2017.07.22"]
[Round "1.12"]
[White "Louis-Sidois, Charles"]
[Black "Lejarre, Ludovic"]
[Result "1/2-1/2"]
[WhiteElo "2055"]
[BlackElo "2335"]
[PlyCount "101"]
[EventDate "2017.??.??"]

1. b3 e5 2. Bb2 Nc6 3. e3 Nf6 4. Bb5 Bd6 5. Na3 Na5 6. Be2 a6 7. c4 c5 8. Nc2
Nc6 9. Nf3 Bc7 10. O-O e4 11. Ng5 d5 12. cxd5 Qxd5 13. f4 exf3 14. Nxf3 Bg4 15.
Qe1 O-O-O 16. Qh4 h5 17. Rac1 Rhg8 18. Bc4 Qd7 19. Ng5 Rdf8 20. Bxf6 gxf6 21.
Nh7 Bh3 22. Rf2 Bxg2 23. Nxf8 Be4+ 24. Kf1 Bd3+ 25. Bxd3 Qxd3+ 26. Re2 Rxf8 27.
Ne1 Qd5 28. e4 Qd6 29. Nf3 Nb4 30. Qxh5 Nd3 31. Rc2 Nf4 32. Qf5+ Kb8 33. Re3 b6
34. e5 fxe5 35. Nxe5 Ne6 36. Nxf7 Rxf7 37. Qxf7 Nd4 38. Rc4 Qxh2 39. Qg8+ Ka7
40. Qg2 Qh5 41. Rc1 a5 42. a3 Qf7+ 43. Qf2 Qd5 44. b4 Bd6 45. bxc5 Bxc5 46. Rh3
Qe6 47. Rh7+ Ka6 48. Qf7 Qe2+ 49. Kg1 Qg4+ 50. Kf1 Qe2+ 51. Kg1 1/2-1/2

[Event "Open d'Avoine 2017"]
[Site "Avoine"]
[Date "2017.07.22"]
[Round "1.13"]
[White "Braeuning, Rudolf Wilhelm"]
[Black "Heurtebize, Christophe"]
[Result "1-0"]
[WhiteElo "2326"]
[BlackElo "2053"]
[PlyCount "51"]
[EventDate "2017.??.??"]

1. e4 c5 2. c3 d5 3. exd5 Qxd5 4. d4 e6 5. Nf3 Nc6 6. Na3 Nf6 7. Be3 cxd4 8.
Nb5 Qd8 9. Nbxd4 Nxd4 10. Bxd4 Be7 11. Bd3 O-O 12. Qc2 g6 13. O-O-O Qa5 14. h4
Rd8 15. Ne5 Qxa2 16. h5 Rxd4 17. cxd4 Nd5 18. g3 Nb4 19. hxg6 hxg6 20. Bc4 Qa1+
21. Qb1 Qa5 22. Nxg6 Qg5+ 23. Nf4 Bf6 24. Qh7+ Kf8 25. Rh5 Qg4 26. Be2 1-0

[Event "Open d'Avoine 2017"]
[Site "Avoine"]
[Date "2017.07.22"]
[Round "1.14"]
[White "Bauche, Timothe"]
[Black "Belenkaya, Dina"]
[Result "1-0"]
[WhiteElo "2049"]
[BlackElo "2323"]
[PlyCount "125"]
[EventDate "2017.??.??"]

1. d4 d5 2. c4 dxc4 3. Nf3 Nf6 4. e3 e6 5. Bxc4 a6 6. O-O c5 7. Qe2 b5 8. Bb3
Bb7 9. a4 Nbd7 10. Nbd2 Qb6 11. Rd1 Be7 12. axb5 axb5 13. Rxa8+ Bxa8 14. Bc2
O-O 15. e4 cxd4 16. e5 Nd5 17. Nb3 Nb4 18. Nbxd4 Nxc2 19. Qxc2 h6 20. Be3 Qb7
21. Kf1 b4 22. Qd2 Nb6 23. Bxh6 gxh6 24. Qxh6 Rd8 25. Ne1 Qa6+ 26. Kg1 Be4 27.
Nxe6 fxe6 28. Qxe6+ Kf8 29. Qh6+ Kg8 30. Qe6+ Kf8 31. Qh6+ Kf7 32. Rxd8 Bxd8
33. Qf4+ Ke7 34. Qxe4 Qc4 35. Qh7+ Ke8 36. h3 Qc1 37. Qe4 Qxb2 38. Qc6+ Ke7 39.
Qd6+ Ke8 40. Nd3 Qa1+ 41. Kh2 Nd7 42. Qxb4 Bc7 43. Qe4 Kd8 44. f4 Bb6 45. Ne1
Qd4 46. Qxd4 Bxd4 47. Nd3 Ke7 48. Kg3 Ke6 49. Kf3 Kd5 50. g4 Nf8 51. Nb4+ Kc4
52. Ke4 Bf2 53. Nd3 Bg3 54. Nc1 Ne6 55. Ne2 Be1 56. g5 Nc5+ 57. Kf5 Kd5 58. g6
Ne6 59. h4 Ng7+ 60. Kf6 Ne6 61. h5 Bh4+ 62. Kf5 Be7 63. Nc3+ 1-0

[Event "Open d'Avoine 2017"]
[Site "Avoine"]
[Date "2017.07.22"]
[Round "1.15"]
[White "Delorme, Alban"]
[Black "Podvin, Antoine"]
[Result "1/2-1/2"]
[WhiteElo "2283"]
[BlackElo "2048"]
[PlyCount "111"]
[EventDate "2017.??.??"]

1. Nf3 Nf6 2. d4 e6 3. g3 b6 4. Bg2 Bb7 5. O-O d6 6. c4 Nbd7 7. Nc3 Be7 8. Qc2
a6 9. b3 c5 10. d5 exd5 11. Nh4 Qc7 12. cxd5 O-O 13. Nf5 Rfe8 14. e4 b5 15. Bb2
Bf8 16. h3 g6 17. Ne3 Bg7 18. a4 Qb6 19. Kh2 Rac8 20. Rae1 c4 21. bxc4 bxc4 22.
f4 Qb3 23. Qd2 Nc5 24. Rb1 Nfxe4 25. Nxe4 Nxe4 26. Bxe4 Rxe4 27. Ng4 c3 28.
Bxc3 Qxd5 29. Rxb7 Qxb7 30. Bxg7 Kxg7 31. f5 Rce8 32. Qc3+ R8e5 33. Rf2 Re1 34.
Rg2 Qb1 35. f6+ Kg8 36. Nf2 Qf5 37. Qd2 Qxf6 38. Nd3 Rf1 39. Nxe5 dxe5 40. Qe3
Kg7 41. h4 Rf3 42. Qc5 Qf5 43. Re2 f6 44. Qa7+ Kh6 45. Qxa6 Rf2+ 46. Rxf2 Qxf2+
47. Kh3 e4 48. Qd6 Qf5+ 49. Kg2 Qf3+ 50. Kg1 Qe3+ 51. Kg2 Qf3+ 52. Kg1 Kg7 53.
Qe7+ Kg8 54. Qe8+ Kg7 55. Qe7+ Kh6 56. Qd6 1/2-1/2

[Event "Open d'Avoine 2017"]
[Site "Avoine"]
[Date "2017.07.22"]
[Round "1.16"]
[White "Nguyen, Vincent"]
[Black "Heurtebize, Olivier"]
[Result "0-1"]
[WhiteElo "2045"]
[BlackElo "2271"]
[PlyCount "50"]
[EventDate "2017.??.??"]

1. d4 d5 2. c4 e6 3. Nc3 c6 4. e3 Bd6 5. Bd3 f5 6. Nge2 Nh6 7. Qc2 O-O 8. f3
Kh8 9. e4 fxe4 10. fxe4 dxc4 11. Bxc4 e5 12. dxe5 Bxe5 13. Be3 b5 14. Bd3 Na6
15. O-O-O Ng4 16. Qd2 Nxe3 17. Qxe3 Qa5 18. Rdf1 Re8 19. Nd4 Qb6 20. Qf3 Bd7
21. Nf5 Rad8 22. g4 Qc5 23. Bc2 Nb4 24. Kb1 Nxc2 25. Kxc2 b4 0-1

[Event "Open d'Avoine 2017"]
[Site "Avoine"]
[Date "2017.07.22"]
[Round "1.17"]
[White "Devallee, Jeremie"]
[Black "Jackson, Thomas"]
[Result "1-0"]
[WhiteElo "2261"]
[BlackElo "2043"]
[PlyCount "75"]
[EventDate "2017.??.??"]

1. e4 c6 2. d4 d5 3. e5 c5 4. dxc5 Nc6 5. Nf3 Bg4 6. Bb5 e6 7. b4 Qc7 8. O-O
Nge7 9. Bb2 O-O-O 10. a3 d4 11. Nbd2 Nxe5 12. Be2 Nxf3+ 13. Bxf3 Bxf3 14. Qxf3
Nf5 15. Rfe1 h5 16. Rad1 Be7 17. Nb3 Bf6 18. Re4 Rd5 19. Rd3 Qd7 20. Qd1 Rd8
21. Bc1 g6 22. Na5 Qb5 23. Qe1 Kb8 24. Bf4+ Ka8 25. h3 h4 26. Bd2 b6 27. a4 Qe8
28. cxb6 axb6 29. Nc4 Qc6 30. Na3 Qxa4 31. b5 Kb7 32. Bf4 Qa5 33. Bd2 Qa4 34.
c4 dxc3 35. Rxa4 cxd2 36. Qe4 Bg5 37. Nb1 Rc8 38. Nxd2 1-0

[Event "Open d'Avoine 2017"]
[Site "Avoine"]
[Date "2017.07.22"]
[Round "1.18"]
[White "Bressy, Theo"]
[Black "Grimberg, Gilbert"]
[Result "0-1"]
[WhiteElo "2031"]
[BlackElo "2258"]
[PlyCount "66"]
[EventDate "2017.??.??"]

1. g3 d5 2. Bg2 c6 3. d3 e5 4. Nd2 Nf6 5. a3 Bd6 6. b3 O-O 7. Bb2 Re8 8. h3 h6
9. e3 Bf5 10. Ne2 Qe7 11. Nc3 Na6 12. e4 Be6 13. Ne2 Rad8 14. f4 dxe4 15. fxe5
exd3 16. cxd3 Bd5 17. Bxd5 Bxe5 18. Bxf7+ Qxf7 19. Bxe5 Rxe5 20. Nc4 Rf5 21.
Qc2 Nd5 22. d4 Qe6 23. Qd3 b5 24. Nd2 Ne3 25. g4 Nc5 26. Qc3 Ng2+ 27. Kd1 Rf2
28. Ng3 Qe3 29. Rc1 Rxd4 30. Ngf1 Ne4 31. Qxe3 Nxe3+ 32. Ke1 Ng2+ 33. Kd1
Rfxd2+ 0-1

[Event "Open d'Avoine 2017"]
[Site "Avoine"]
[Date "2017.07.22"]
[Round "1.19"]
[White "Hernandez Moya, Yuleisy"]
[Black "Thereze, Ludovic"]
[Result "1-0"]
[WhiteElo "2256"]
[BlackElo "2028"]
[PlyCount "91"]
[EventDate "2017.??.??"]

1. e4 e5 2. Nf3 Nc6 3. Bc4 Bc5 4. O-O Nf6 5. d3 h6 6. c3 Bb6 7. a4 d6 8. h3 O-O
9. Re1 a6 10. Nbd2 g6 11. Nf1 Kg7 12. Ng3 Ng8 13. d4 Qe7 14. Be3 Nd8 15. Qd2
Be6 16. Bxe6 Qxe6 17. Rad1 f6 18. dxe5 dxe5 19. Nh4 Bxe3 20. Qxe3 Qc6 21. Qf3
Ne6 22. Qg4 Ng5 23. Nxg6 Kxg6 24. h4 Qe6 25. Qh5+ Kh7 26. hxg5 fxg5 27. Nf5
Rad8 28. Re3 Rxd1+ 29. Qxd1 Ne7 30. g4 Nxf5 31. exf5 Qd6 32. Rd3 Qc6 33. Rd7+
Kh8 34. Qd5 Qxd5 35. Rxd5 h5 36. Rxe5 hxg4 37. Re7 Rxf5 38. Rxc7 b5 39. a5 b4
40. cxb4 Rb5 41. Rc4 Kh7 42. Kg2 Kg6 43. Rc6+ Kh5 44. Rb6 Rd5 45. Rxa6 Rd2 46.
Ra8 1-0

[Event "Open d'Avoine 2017"]
[Site "Avoine"]
[Date "2017.07.22"]
[Round "1.20"]
[White "Thibault, Pierre-Olivier"]
[Black "Sim, Sylvain"]
[Result "0-1"]
[WhiteElo "2028"]
[BlackElo "2254"]
[PlyCount "136"]
[EventDate "2017.??.??"]

1. e4 c5 2. Nf3 Nc6 3. d4 cxd4 4. Nxd4 Nf6 5. Nc3 e5 6. Ndb5 d6 7. Nd5 Nxd5 8.
exd5 Nb8 9. c4 Be7 10. Bd3 O-O 11. O-O f5 12. f4 a6 13. Nc3 Bf6 14. g4 exf4 15.
gxf5 Bxc3 16. bxc3 Bxf5 17. Rxf4 Bxd3 18. Qxd3 Nd7 19. Rb1 Ne5 20. Qg3 Qc7 21.
Rb2 Nxc4 22. Rg2 Ne5 23. c4 Ng6 24. Rg4 Qb6+ 25. Qe3 Qxe3+ 26. Bxe3 Rae8 27.
R2g3 Rf7 28. Kg2 Ne5 29. Re4 Kf8 30. c5 Nd3 31. Rxe8+ Kxe8 32. cxd6 Kd7 33. Bd4
Nf4+ 34. Kf2 Nxd5+ 35. Ke2 g6 36. Bc5 b6 37. Ba3 b5 38. Bc5 Kc6 39. Rf3 Rd7 40.
Bd4 Rxd6 41. a3 a5 42. Rf7 Rd7 43. Rf8 Nc7 44. Bc3 a4 45. Rf6+ Kc5 46. Bb4+ Kd4
47. Rb6 Rd5 48. Rb7 Na6 49. Bf8 Rh5 50. h4 Kc4 51. Rb6 Nc5 52. Rc6 b4 53. axb4
Kxb4 54. Ke3 Kb5 55. Rc8 Nd7 56. Bd6 Rxh4 57. Rc7 Nb6 58. Rc5+ Ka6 59. Bg3 Rc4
60. Rg5 a3 61. Be1 Ra4 62. Bc3 a2 63. Ba1 Kb7 64. Rg2 Nd5+ 65. Kf3 Kc6 66. Rh2
h5 67. Rg2 Rf4+ 68. Ke2 Rg4 0-1

[Event "Open d'Avoine 2017"]
[Site "Avoine"]
[Date "2017.07.22"]
[Round "1.21"]
[White "Gvanceladze, Anna"]
[Black "Kollar, Romain"]
[Result "1-0"]
[WhiteElo "2244"]
[BlackElo "2021"]
[PlyCount "89"]
[EventDate "2017.??.??"]

1. d4 Nf6 2. Nf3 g6 3. Bf4 Bg7 4. e3 O-O 5. h3 d6 6. Be2 b6 7. O-O Bb7 8. Nbd2
Nbd7 9. a4 a5 10. c3 Qe8 11. Bh2 e5 12. Nc4 Nd5 13. Re1 f5 14. Qb3 Kh8 15. Bf1
Qe7 16. Rad1 g5 17. dxe5 dxe5 18. Na3 g4 19. hxg4 fxg4 20. Nd2 Nc5 21. Qc2 Nf6
22. e4 Rad8 23. Nac4 Nh5 24. Ne3 Qg5 25. b4 Ne6 26. Nf5 Bxe4 27. Qxe4 Rxf5 28.
Nc4 Rdf8 29. Bxe5 Rxf2 30. Bd3 Qh6 31. Ne3 Bxe5 32. Qxe5+ Nhg7 33. Nxg4 Qh4 34.
Qh2 Rxg2+ 35. Kxg2 Qxg4+ 36. Kh1 Qf3+ 37. Qg2 Qh5+ 38. Qh2 Qf3+ 39. Kg1 Ng5 40.
Rf1 Qg4+ 41. Kh1 Re8 42. Rd2 axb4 43. Rg2 Qd7 44. Bg6 bxc3 45. Bxe8 1-0

[Event "Open d'Avoine 2017"]
[Site "Avoine"]
[Date "2017.07.22"]
[Round "1.22"]
[White "Roussel, Simon"]
[Black "Ravot, Sylvain"]
[Result "0-1"]
[WhiteElo "2020"]
[BlackElo "2241"]
[PlyCount "94"]
[EventDate "2017.??.??"]

1. e4 c5 2. Nf3 e6 3. d4 cxd4 4. Nxd4 a6 5. Bd3 Qc7 6. O-O Nf6 7. Nc3 Nc6 8.
Nxc6 bxc6 9. Qe2 d5 10. Bg5 Be7 11. e5 h6 12. Bh4 Nd7 13. Bxe7 Kxe7 14. Rae1 c5
15. b3 h5 16. f4 Qa7 17. Kh1 g6 18. Qf2 Bb7 19. f5 gxf5 20. Qh4+ Ke8 21. Bxf5
Qb6 22. Bh3 Qd8 23. Qg3 Qe7 24. Qg7 Qf8 25. Rxf7 Qxf7 26. Qxh8+ Ke7 27. Qh6 Rf8
28. Qg5+ Ke8 29. Ne2 d4 30. Ng1 Bd5 31. Qh4 Qg6 32. Re2 Rf1 33. b4 d3 34. cxd3
Qxd3 35. Qxh5+ Kd8 36. Qg5+ Kc7 37. Rd2 Qb1 38. Qe3 Qc1 39. Re2 Qxe3 40. Rxe3
cxb4 41. Bg4 Rf2 42. Bf3 Bxa2 43. Re2 Rxe2 44. Nxe2 Nc5 45. h4 b3 46. g4 b2 47.
Nc3 Na4 0-1

[Event "Open d'Avoine 2017"]
[Site "Avoine"]
[Date "2017.07.22"]
[Round "1.23"]
[White "Frick, Christoph"]
[Black "Kibleur, Christophe"]
[Result "1-0"]
[WhiteElo "2239"]
[BlackElo "2008"]
[PlyCount "55"]
[EventDate "2017.??.??"]

1. e4 d6 2. Nc3 g6 3. Bc4 Bg7 4. f4 c6 5. Nf3 a5 6. a4 Nf6 7. O-O O-O 8. d3 Na6
9. Kh1 d5 10. exd5 cxd5 11. Ba2 Nb4 12. Bb3 Bd7 13. Qe2 Bc6 14. Be3 Qd6 15. Nd4
Rae8 16. Ndb5 Qd7 17. Bd4 Rd8 18. Rae1 Rfe8 19. Bb6 Rc8 20. Bxa5 Na6 21. Bb6
Bxb5 22. Nxb5 Nc5 23. Na7 Rc7 24. Bxc7 Qxc7 25. Nb5 Qc6 26. Qe5 Nxb3 27. cxb3
Ng4 28. Qe2 1-0

[Event "Open d'Avoine 2017"]
[Site "Avoine"]
[Date "2017.07.22"]
[Round "1.24"]
[White "Pottier, Simeon"]
[Black "Pietrasanta, Jeremy"]
[Result "0-1"]
[WhiteElo "2008"]
[BlackElo "2234"]
[PlyCount "46"]
[EventDate "2017.??.??"]

1. d4 d6 2. e4 Nf6 3. Nc3 g6 4. Be3 Bg7 5. h3 a6 6. a4 O-O 7. Nf3 Nc6 8. Be2 b6
9. O-O Bb7 10. Qd2 Nb4 11. d5 c6 12. Bc4 Rc8 13. Bb3 cxd5 14. exd5 Rxc3 15.
bxc3 Ne4 16. Qd1 Nxc3 17. Qd2 Nbxd5 18. Bd4 Ne4 19. Qe1 Nef6 20. Rb1 e5 21. Bb2
Nf4 22. Kh2 Bxf3 23. gxf3 Qd7 0-1

[Event "Open d'Avoine 2017"]
[Site "Avoine"]
[Date "2017.07.22"]
[Round "1.25"]
[White "Marcantoni, Herve"]
[Black "Jarreton, Herve"]
[Result "1-0"]
[WhiteElo "2231"]
[BlackElo "2006"]
[PlyCount "62"]
[EventDate "2017.??.??"]

1. e4 d6 2. d4 Nf6 3. Nc3 e5 4. Nf3 Nbd7 5. Bc4 Be7 6. O-O O-O 7. a4 c6 8. Ba2
Qc7 9. Re1 Rb8 10. h3 b5 11. axb5 cxb5 12. dxe5 Nxe5 13. Nxe5 dxe5 14. Nd5 Nxd5
15. Bxd5 Bc5 16. Be3 Rb6 17. Bxc5 Qxc5 18. Re3 Be6 19. Rc3 Qe7 20. Bxe6 Rxe6
21. Qd5 b4 22. Rd3 Rc8 23. c3 bxc3 24. bxc3 Rec6 25. Rxa7 Qf6 26. Rf3 Qe6 27.
Rfxf7 Qxd5 28. Rxg7+ Kf8 29. exd5 Rxc3 30. Raf7+ Ke8 31. d6 Rd3 1-0

[Event "Open d'Avoine 2017"]
[Site "Avoine"]
[Date "2017.07.22"]
[Round "1.26"]
[White "Leriche, Ines"]
[Black "Malassagne, Raphael"]
[Result "0-1"]
[WhiteElo "2006"]
[BlackElo "2230"]
[PlyCount "64"]
[EventDate "2017.??.??"]

1. d4 Nf6 2. c4 c6 3. Nc3 d5 4. e3 g6 5. Bd3 Bg7 6. Nf3 O-O 7. O-O Bg4 8. h3
Bxf3 9. Qxf3 e6 10. Bd2 Nbd7 11. cxd5 exd5 12. b4 Re8 13. Rab1 a6 14. Rfc1 b5
15. e4 dxe4 16. Nxe4 Nxe4 17. Bxe4 Bxd4 18. Bf4 Rc8 19. Bxc6 Ne5 20. Bxe5 Rxe5
21. Be4 Rxc1+ 22. Rxc1 Qe7 23. Re1 Kg7 24. Re2 Qxb4 25. Bd3 Rc5 26. Qb7 Rc1+
27. Kh2 Qd6+ 28. g3 h5 29. Bc2 h4 30. Bb3 hxg3+ 31. fxg3 Qf6 32. Rg2 Qf1 0-1

[Event "Open d'Avoine 2017"]
[Site "Avoine"]
[Date "2017.07.22"]
[Round "1.27"]
[White "Viel, Simon"]
[Black "Dupont, Victor"]
[Result "1-0"]
[WhiteElo "2230"]
[BlackElo "1998"]
[PlyCount "87"]
[EventDate "2017.??.??"]

1. e4 d6 2. d4 Nf6 3. Nc3 g6 4. g3 Bg7 5. Bg2 c6 6. a4 O-O 7. Nge2 e5 8. h3 Re8
9. Be3 Qa5 10. O-O Na6 11. g4 Be6 12. f4 Bc4 13. g5 Nh5 14. f5 exd4 15. Bxd4
Bxd4+ 16. Qxd4 d5 17. Bf3 Bxe2 18. Nxe2 Ng7 19. fxg6 hxg6 20. Nc3 Ne6 21. Qf6
d4 22. Bg4 Nxg5 23. Nb5 cxb5 24. Qxg5 Qc7 25. Rf3 Qe7 26. Qxb5 Qxe4 27. Raf1
Re7 28. Qg5 Rf8 29. Bf5 Qe5 30. Qg4 Rfe8 31. h4 Kh7 32. Bd3 f5 33. Qg2 Nc5 34.
h5 Rg7 35. hxg6+ Rxg6 36. Bxf5 Qxf5 37. Rxf5 Rxg2+ 38. Kxg2 Nxa4 39. Rg5 Re2+
40. Kf3 Rh2 41. Kg3 Rh6 42. Rf7+ Kh8 43. Rxb7 Rc6 44. Rd5 1-0

[Event "Open d'Avoine 2017"]
[Site "Avoine"]
[Date "2017.07.22"]
[Round "1.28"]
[White "Delalande, Thierry"]
[Black "Giacomini, Hector"]
[Result "0-1"]
[WhiteElo "1997"]
[BlackElo "2226"]
[PlyCount "88"]
[EventDate "2017.??.??"]

1. d4 d5 2. c4 e6 3. Nc3 Nf6 4. cxd5 exd5 5. Bg5 Be7 6. e3 O-O 7. Bd3 Nbd7 8.
Qc2 Re8 9. Nge2 Nf8 10. O-O c6 11. f3 Be6 12. Rad1 Rc8 13. Kh1 Ng6 14. a3 a6
15. Ng3 Nh5 16. Nxh5 Bxg5 17. f4 Bg4 18. Be2 Bxe2 19. Qxe2 Bf6 20. Qg4 Nf8 21.
Rf3 Rc7 22. Rdf1 g6 23. f5 Bg5 24. Nf4 Bxf4 25. Qxf4 g5 26. Qg4 f6 27. h4 h6
28. h5 Rce7 29. Qg3 Qc7 30. Qf2 Nd7 31. g4 Nb6 32. b3 Nc8 33. Rc1 Qd6 34. b4
Nb6 35. Kg2 Kg7 36. Nd1 Nc4 37. Rc3 b5 38. Kh3 Ra8 39. Nb2 a5 40. Nd3 axb4 41.
axb4 Ra4 42. Rc2 Ra1 43. Rg3 Nxe3 44. Re2 Rh1+ 0-1

[Event "Open d'Avoine 2017"]
[Site "Avoine"]
[Date "2017.07.22"]
[Round "1.29"]
[White "Trouve, Guillaume"]
[Black "Hoffmann, Roger"]
[Result "1-0"]
[WhiteElo "2214"]
[BlackElo "1992"]
[PlyCount "31"]
[EventDate "2017.??.??"]

1. e4 d6 2. d4 Nf6 3. Nc3 g6 4. f4 Bg4 5. Nf3 d5 6. exd5 Nxd5 7. Nxd5 Qxd5 8.
Be2 e6 9. h3 Bf5 10. c4 Qa5+ 11. Bd2 Bb4 12. O-O Nc6 13. Be3 a6 14. a3 Be7 15.
c5 b5 16. Bd2 1-0